Microeconomía
保存先:
| 第一著者: | |
|---|---|
| フォーマット: | 図書 |
| 言語: | スペイン語 |
| 出版事項: |
Santiago
Universidad Católica de Chile
1992
|
| 主題: | |
| タグ: |
タグ追加
タグなし, このレコードへの初めてのタグを付けませんか!
|
MARC
| LEADER | 00000nam a2200000 a 4500 | ||
|---|---|---|---|
| 001 | UCX8462 | ||
| 003 | CL-VaPUC | ||
| 008 | 940405e19920000CL |||||||||||||||||spa|d | ||
| 082 | 0 | 4 | |a 338.5 |b SOL |2 21 |
| 100 | 0 | |a Sol Guzman, Patricio del |e author |9 325591 | |
| 245 | 1 | 0 | |a Microeconomía |
| 300 | |a 185 p | ||
| 942 | |c BK | ||
| 945 | |d 19940405 00:00:00 |a mfernand | ||
| 260 | |a Santiago |b Universidad Católica de Chile |c 1992 | ||
| 650 | 0 | |a Microeconomía |9 258126 | |
| 583 | |a last modification |c 19940405 00:00:00 |k Rodrigo Vera | ||
| 999 | |c 227957 |d 227955 | ||
| 952 | |0 0 |1 0 |4 0 |6 338_500000000000000_SOL_1992 |7 0 |8 CCM |9 227458 |a BIBCUR |b BIBCUR |d 2019-11-15 |i 2966662 |o 338.5 SOL 1992 |p 2966662 |r 2025-04-22 |w 2019-11-15 |y BK |k CIM | ||